Inspections and reports on dwellings (Record no. 115782)

MARC details
000 -LEADER
fixed length control field 01378cam a22003615a 4500
001 - CONTROL NUMBER
control field L159290
008 - FIXED-LENGTH DATA ELEMENTS--GENERAL INFORMATION
fixed length control field 160511s2016 xxk f 000 0 eng d
020 ## - INTERNATIONAL STANDARD BOOK NUMBER
International Standard Book Number 9780415732215
035 ## - SYSTEM CONTROL NUMBER
System control number (Sirsi) u159290
041 0# - LANGUAGE CODE
Language code of text/sound track or separate title eng
050 04 - LIBRARY OF CONGRESS CALL NUMBER
Classification number 690.2
100 1# - MAIN ENTRY--PERSONAL NAME
Personal name Melville, Ian
245 00 - TITLE STATEMENT
Title Inspections and reports on dwellings
Remainder of title Reporting for buyers
Medium [electronic resources]
250 ## - EDITION STATEMENT
Edition statement 2 ed
260 ## - PUBLICATION, DISTRIBUTION, ETC.
Place of publication, distribution, etc. Abingdon, Routledge, 2016
300 ## - PHYSICAL DESCRIPTION
Extent ix 307p 24 cm
490 #0 - SERIES STATEMENT
Series statement Inspections and Reports on Dwellings
520 ## - SUMMARY, ETC.
Summary, etc. Offers guidance and information for professionals such as solicitors and licensed conveyancers to be able to advise clients on the range of inspection and report products available to help them make an informed choice about the condition and state of properties they are proposing to purchase.
520 ## - SUMMARY, ETC.
Summary, etc. Supersedes 1st ed 2007 0727204495
590 ## - LOCAL NOTE (RLIN)
Local note KA
650 24 - SUBJECT ADDED ENTRY--TOPICAL TERM
Topical term or geographic name entry element HOME SURVEYS
650 24 - SUBJECT ADDED ENTRY--TOPICAL TERM
Topical term or geographic name entry element RICS HOMEBUYER SURVEY AND VALUATION
650 24 - SUBJECT ADDED ENTRY--TOPICAL TERM
Topical term or geographic name entry element CONDITION REPORTS
650 24 - SUBJECT ADDED ENTRY--TOPICAL TERM
Topical term or geographic name entry element BUILDING SURVEY
650 24 - SUBJECT ADDED ENTRY--TOPICAL TERM
Topical term or geographic name entry element MORTGAGE VALUATION
651 #4 - SUBJECT ADDED ENTRY--GEOGRAPHIC NAME
Geographic name England and Wales
690 ## - LOCAL SUBJECT ADDED ENTRY--TOPICAL TERM (OCLC, RLIN)
Topical term or geographic name as entry element Survey reports
9 (RLIN) 6270
690 ## - LOCAL SUBJECT ADDED ENTRY--TOPICAL TERM (OCLC, RLIN)
Topical term or geographic name as entry element Building surveying
9 (RLIN) 6225
690 ## - LOCAL SUBJECT ADDED ENTRY--TOPICAL TERM (OCLC, RLIN)
Topical term or geographic name as entry element Valuation
9 (RLIN) 6273
700 1# - ADDED ENTRY--PERSONAL NAME
Personal name Gordon, Ian A.
856 40 - ELECTRONIC LOCATION AND ACCESS
Uniform Resource Identifier <a href="https://www.vlebooks.com/">https://www.vlebooks.com/</a>
Public note View on VLEbooks. Logins for members only from [email protected]
942 ## - ADDED ENTRY ELEMENTS (KOHA)
Suppress in OPAC 0
Source of classification or shelving scheme Dewey Decimal Classification
Holdings
Withdrawn status Lost status Source of classification or shelving scheme Damaged status Not for loan Home library Current library Shelving location Date acquired Total Checkouts Full call number Barcode Date last seen Copy number Price effective from Koha item type
    Dewey Decimal Classification     London London Books 11/05/2016   690.2 MEL 30079048 06/08/2019 1 06/08/2019 Book
    Dewey Decimal Classification     Virtual Virtual Online 13/05/2016   ONLINE PUBLICATION 159290-2001 06/08/2019 1 06/08/2019 Book